T. 22, № 1-4; Acta Geologica

Détails bibliographiques
Parent link:Acta Geologica: magazine/ Academiae Scientiarum Hungaricae. T. 22, № 1-4.— , 1957-1990.— 0236-5278
Langue:hongrois
Publié: 1979
Format: MixedMaterials Livre
KOHA link:https://koha.lib.tpu.ru/cgi-bin/koha/opac-detail.pl?biblionumber=566430

MARC

LEADER 00000nam2a2200000 4500
001 566430
005 20231101124116.0
035 |a (RuTPU)RU\TPU\prd\263074 
035 |a RU\TPU\prd\263072 
090 |a 566430 
100 |a 20160928a19571990k y0laty50 ba 
101 0 |a hun 
102 |a HU 
200 0 |a T. 22, № 1-4 
210 |d 1979 
461 1 |0 (RuTPU)RU\TPU\prd\1092  |x 0236-5278  |t Acta Geologica  |o magazine  |f Academiae Scientiarum Hungaricae  |v T. 22, № 1-4  |d 1957-1990 
801 0 |a RU  |b 63413507  |c 20010227  |g PSBO 
801 1 |a RU  |b 63413507  |c 20080423  |g PSBO 
801 2 |a RU  |b 63413507  |c 20160928  |g PSBO 
942 |c BK 
999 |a НТБ_ТПУ  |b НФ  |e -14/20160111  |p П-4370  |u 0,00  |v 1